000 00765nam a2200253Ia 4500
003 OSt
005 20221005084450.0
006 a|||||r|||| 00| 0
007 ta
008 221004b |||||||| |||| 00| 0 eng d
020 _a9780679434702 (hbk)
_c2343.25
024 _a25746
037 _b107603, 18/03/2016, International Book Distributors
_cTextual
040 _aCRL
_cCRL
_beng
041 _2eng
_aeng
082 _aR873, Q2
100 _aRomano Carlin
_9613332
245 0 _aAmerica the philosophical
260 _aNew York
_bAlfred A. Knopf U.S.A.
_c2012
300 _a672p.
_ccm.
650 _aPHILOSOPHY
942 _hR873, Q2
_cTEXL
_2cc
999 _c992625
_d992625